[Event "World Chess Olympiad 2018"]
[Site "Batumi"]
[Date "2018.10.04"]
[Round "10"]
[Board "2"]
[WhiteFideId "21501564"]
[White "Masrahi Abdulrahman A"]
[BlackFideId "7700512"]
[Black "Cupid Kevin"]
[Result "0-1"]
[LiveChessVersion "1.4.8"]
[BlackElo "2124"]
[WhiteElo "1879"]

1. d4 {[%clk 1:29:56]} Nf6 {[%clk 1:30:59]} 2. Bf4 {[%clk 1:30:16]} d5
{[%clk 1:31:22]} 3. e3 {[%clk 1:30:39]} c5 {[%clk 1:31:50]} 4. c3
{[%clk 1:31:03]} Nc6 {[%clk 1:31:59]} 5. Nd2 {[%clk 1:31:10]} Bf5
{[%clk 1:32:21]} 6. Qb3 {[%clk 1:30:33]} Qc8 {[%clk 1:32:42]} 7. Ngf3
{[%clk 1:27:18]} c4 {[%clk 1:28:16]} 8. Qd1 {[%clk 1:27:32]} b5 {[%clk 1:28:38]}
9. b3 {[%clk 1:19:37]} Qb7 {[%clk 1:27:01]} 10. Be2 {[%clk 1:13:28]} b4
{[%clk 1:23:17]} 11. Rc1 {[%clk 1:12:27]} bxc3 {[%clk 1:17:02]} 12. Rxc3
{[%clk 1:11:36]} e5 {[%clk 1:17:23]} 13. dxe5 {[%clk 1:06:37]} Bb4
{[%clk 1:16:23]} 14. exf6 {[%clk 1:06:17]} Bxc3 {[%clk 1:16:35]} 15. fxg7
{[%clk 1:06:28]} Bxg7 {[%clk 1:16:07]} 16. bxc4 {[%clk 1:05:52]} dxc4
{[%clk 1:14:46]} 17. Bxc4 {[%clk 1:04:19]} O-O {[%clk 1:14:50]} 18. O-O
{[%clk 1:03:19]} Na5 {[%clk 1:12:36]} 19. Be2 {[%clk 0:44:15]} Qb4
{[%clk 1:10:11]} 20. Nh4 {[%clk 0:38:40]} Bg6 {[%clk 1:09:25]} 21. Nxg6
{[%clk 0:38:21]} hxg6 {[%clk 1:09:53]} 22. Nb3 {[%clk 0:32:21]} Rfd8
{[%clk 1:09:37]} 23. Qb1 {[%clk 0:32:20]} Nxb3 {[%clk 1:05:02]} 24. axb3
{[%clk 0:31:03]} Rac8 {[%clk 1:00:35]} 25. h4 {[%clk 0:29:11]} Qe7
{[%clk 0:58:02]} 26. h5 {[%clk 0:24:58]} g5 {[%clk 0:56:42]} 27. Bg3
{[%clk 0:25:11]} Be5 {[%clk 0:56:21]} 28. Bc4 {[%clk 0:20:59]} Rd6
{[%clk 0:56:24]} 29. Qf5 {[%clk 0:19:32]} Rc5 {[%clk 0:53:08]} 30. f4
{[%clk 0:11:35]} Bxf4 {[%clk 0:31:11]} 31. Qxc5 {[%clk 0:11:26]} Bxe3+
{[%clk 0:31:33]} 32. Bf2 {[%clk 0:11:46]} Bxc5 {[%clk 0:32:02]} 33. Bxc5
{[%clk 0:12:02]} Qe5 {[%clk 0:31:48]} 34. Bxd6 {[%clk 0:11:00]} Qxd6
{[%clk 0:32:08]} 35. Rxf7 {[%clk 0:11:20]} Qd4+ {[%clk 0:32:11]} 36. Kh1
{[%clk 0:10:29]} Kh8 {[%clk 0:30:44]} 37. Rf3 {[%clk 0:09:03]} a5
{[%clk 0:30:16]} 38. Bf7 {[%clk 0:08:48]} g4 {[%clk 0:29:55]} 39. Rf1
{[%clk 0:02:29]} g3 {[%clk 0:25:43]} 40. Be6 {[%clk 0:32:28]} Qh4+
{[%clk 0:54:45]} 41. Bh3 {[%clk 0:32:40]} Qxh5 {[%clk 0:55:00]} 42. Rf3
{[%clk 0:31:51]} Qe5 {[%clk 0:51:47]} 43. Rf1 {[%clk 0:29:17]} Qe2
{[%clk 0:52:14]} 44. Rg1 {[%clk 0:29:15]} Qa2 {[%clk 0:51:26]} 45. Be6
{[%clk 0:26:05]} a4 {[%clk 0:51:02]} 46. Rf1 {[%clk 0:24:50]} Qe2
{[%clk 0:50:42]} 47. Rf8+ {[%clk 0:25:09]} Kh7 {[%clk 0:49:48]} 48. Bc4
{[%clk 0:24:14]} Qh5+ {[%clk 0:50:11]} 49. Kg1 {[%clk 0:24:36]} Qc5+ 0-1

[Event "World Chess Olympiad 2018"]
[Site "Batumi"]
[Date "2018.10.04"]
[Round "10"]
[Board "3"]
[WhiteFideId "7700156"]
[White "Harper Ryan"]
[BlackFideId "21500029"]
[Black "Al Habeeb Emad"]
[Result "1-0"]
[LiveChessVersion "1.4.8"]
[BlackElo "1910"]
[WhiteElo "2226"]

1. e4 {[%clk 1:30:37]} d6 {[%clk 1:29:05]} 2. d4 {[%clk 1:31:01]} Nf6
{[%clk 1:29:26]} 3. Nc3 {[%clk 1:31:25]} e5 {[%clk 1:29:35]} 4. Nf3
{[%clk 1:31:50]} Nbd7 {[%clk 1:29:28]} 5. Bc4 {[%clk 1:32:04]} Be7
{[%clk 1:29:28]} 6. O-O {[%clk 1:32:26]} O-O {[%clk 1:29:45]} 7. Re1
{[%clk 1:32:52]} c6 {[%clk 1:29:03]} 8. a4 {[%clk 1:33:17]} a5 {[%clk 1:27:34]}
9. h3 {[%clk 1:33:39]} exd4 {[%clk 1:23:23]} 10. Nxd4 {[%clk 1:31:36]} Nc5
{[%clk 1:21:47]} 11. Qf3 {[%clk 1:29:03]} Be6 {[%clk 1:18:49]} 12. Ba2
{[%clk 1:25:42]} Qb6 {[%clk 1:13:59]} 13. Bg5 {[%clk 1:14:22]} Rad8
{[%clk 1:09:32]} 14. Nf5 {[%clk 1:13:14]} Bxf5 {[%clk 1:05:17]} 15. exf5
{[%clk 1:13:28]} Rfe8 {[%clk 1:02:36]} 16. Re2 {[%clk 1:11:26]} h6
{[%clk 0:55:48]} 17. Bh4 {[%clk 0:58:00]} d5 {[%clk 0:50:07]} 18. Rae1
{[%clk 0:48:26]} Kf8 {[%clk 0:35:45]} 19. Qg3 {[%clk 0:33:32]} Nce4
{[%clk 0:28:30]} 20. Nxe4 {[%clk 0:33:19]} Nxe4 {[%clk 0:28:16]} 21. Bxe7+
{[%clk 0:29:56]} Rxe7 {[%clk 0:27:35]} 22. Qf4 {[%clk 0:25:44]} Red7
{[%clk 0:19:08]} 23. c3 {[%clk 0:21:26]} Qc7 {[%clk 0:16:02]} 24. Qe3
{[%clk 0:18:54]} Qd6 {[%clk 0:13:59]} 25. Bb1 {[%clk 0:17:25]} Nf6
{[%clk 0:13:47]} 26. Qb6 {[%clk 0:17:20]} Qc7 {[%clk 0:12:56]} 27. Qc5+
{[%clk 0:16:57]} Kg8 {[%clk 0:12:54]} 28. Bd3 {[%clk 0:15:02]} b6
{[%clk 0:12:24]} 29. Qe3 {[%clk 0:04:58]} d4 {[%clk 0:10:03]} 30. cxd4
{[%clk 0:04:28]} Rxd4 {[%clk 0:09:31]} 31. Bc2 {[%clk 0:04:27]} Qd6
{[%clk 0:05:04]} 32. Qc3 {[%clk 0:03:48]} c5 {[%clk 0:03:51]} 33. Bb3
{[%clk 0:03:04]} Nd5 {[%clk 0:02:19]} 34. Qf3 {[%clk 0:02:28]} c4
{[%clk 0:00:49]} 35. Bc2 {[%clk 0:02:37]} Nb4 {[%clk 0:00:56]} 36. Re8+
{[%clk 0:02:24]} Kh7 {[%clk 0:00:44]} 37. Rxd8 {[%clk 0:02:14]} Qxd8
{[%clk 0:00:56]} 38. Be4 {[%clk 0:01:48]} Qf6 {[%clk 0:00:39]} 39. Re2
{[%clk 0:01:32]} Nd3 {[%clk 0:00:44]} 40. Qe3 {[%clk 0:30:55]} Nc5
{[%clk 0:30:34]} 41. Bc2 {[%clk 0:30:29]} Nd3 {[%clk 0:24:40]} 42. Rd2
{[%clk 0:29:30]} Nf4 {[%clk 0:20:50]} 43. Rxd4 {[%clk 0:21:39]} Qxd4
{[%clk 0:20:52]} 44. f6+ {[%clk 0:21:58]} g6 {[%clk 0:20:16]} 45. Qe7
{[%clk 0:22:14]} Qd5 {[%clk 0:20:20]} 46. Be4 {[%clk 0:22:23]} Qe6
{[%clk 0:19:18]} 47. Kf1 {[%clk 0:18:00]} Nd5 {[%clk 0:14:14]} 48. Qxe6
{[%clk 0:15:08]} fxe6 {[%clk 0:14:28]} 49. Bxd5 {[%clk 0:07:52]} exd5
{[%clk 0:14:37]} 50. Ke2 {[%clk 0:08:18]} d4 {[%clk 0:13:06]} 51. Kf3
{[%clk 0:08:40]} Kg8 {[%clk 0:11:59]} 52. Ke4 {[%clk 0:09:03]} d3
{[%clk 0:12:09]} 53. Ke3 {[%clk 0:09:30]} Kf7 {[%clk 0:11:53]} 54. b3
{[%clk 0:09:51]} cxb3 {[%clk 0:09:13]} 55. Kxd3 {[%clk 0:10:19]} b2
{[%clk 0:08:43]} 56. Kc2 {[%clk 0:10:48]} b1=Q+ {[%clk 0:08:59]} 57. Kxb1
{[%clk 0:11:12]} Kxf6 {[%clk 0:09:20]} 58. Kc2 {[%clk 0:10:47]} Ke5
{[%clk 0:08:21]} 59. Kd3 {[%clk 0:11:03]} Kd5 {[%clk 0:08:10]} 60. f4
{[%clk 0:11:13]} Kc5 {[%clk 0:05:09]} 61. g4 {[%clk 0:09:35]} Kd5
{[%clk 0:02:55]} 62. f5 {[%clk 0:06:26]} gxf5 {[%clk 0:03:03]} 63. gxf5
{[%clk 0:06:54]} Ke5 {[%clk 0:03:15]} 64. Kc4 {[%clk 0:07:23]} Kxf5
{[%clk 0:03:24]} 65. Kb5 {[%clk 0:07:51]} h5 {[%clk 0:02:16]} 66. Kxb6
{[%clk 0:08:15]} h4 {[%clk 0:02:12]} 67. Kxa5 {[%clk 0:08:40]} Kf4
{[%clk 0:02:24]} 68. Kb5 {[%clk 0:08:47]} Kg3 {[%clk 0:02:43]} 69. a5
{[%clk 0:09:14]} Kxh3 {[%clk 0:03:05]} 70. a6 {[%clk 0:09:40]} Kg3
{[%clk 0:03:25]} 71. a7 {[%clk 0:10:04]} h3 {[%clk 0:03:51]} 72. a8=Q
{[%clk 0:10:30]} 1-0

[Event "World Chess Olympiad 2018"]
[Site "Batumi"]
[Date "2018.10.04"]
[Round "10"]
[Board "4"]
[WhiteFideId "21502390"]
[White "Al Thebaiti Ahmed M"]
[BlackFideId "7700148"]
[Black "Merritt Mario"]
[Result "1/2-1/2"]
[LiveChessVersion "1.4.8"]
[BlackElo "2175"]
[WhiteElo "1988"]

1. d4 {[%clk 1:29:36]} Nf6 {[%clk 1:30:52]} 2. c4 {[%clk 1:29:59]} g6
{[%clk 1:31:01]} 3. Nc3 {[%clk 1:30:22]} Bg7 {[%clk 1:31:26]} 4. e4
{[%clk 1:30:48]} d6 {[%clk 1:31:51]} 5. f4 {[%clk 1:31:07]} O-O 6. Nf3 Na6
{[%clk 1:32:29]} 7. Bd3 {[%clk 1:31:44]} Bg4 {[%clk 1:29:52]} 8. O-O
{[%clk 1:31:17]} Nd7 {[%clk 1:29:14]} 9. Be3 {[%clk 1:27:05]} e5 {[%clk 1:28:48]}
10. fxe5 {[%clk 1:25:26]} c5 {[%clk 1:28:56]} 11. d5 {[%clk 1:20:13]} Nxe5
{[%clk 1:28:42]} 12. Be2 {[%clk 1:15:28]} Nxf3+ {[%clk 1:26:00]} 13. Bxf3
{[%clk 1:15:28]} Bd7 {[%clk 1:25:58]} 14. Qd2 {[%clk 1:13:54]} Qe7
{[%clk 1:13:42]} 15. Bg5 {[%clk 1:09:47]} Bd4+ {[%clk 1:09:24]} 16. Kh1
{[%clk 1:06:23]} f6 {[%clk 1:05:16]} 17. Bh6 {[%clk 1:05:39]} Rfe8
{[%clk 1:00:49]} 18. Rae1 {[%clk 1:04:43]} Nc7 {[%clk 1:00:50]} 19. a4
{[%clk 1:04:02]} a6 {[%clk 1:00:32]} 20. a5 {[%clk 1:04:21]} Rab8
{[%clk 1:00:36]} 21. Ne2 {[%clk 1:02:58]} Be5 {[%clk 1:00:24]} 22. b4
{[%clk 1:01:39]} b6 {[%clk 1:00:45]} 23. axb6 {[%clk 1:01:40]} Rxb6
{[%clk 1:01:04]} 24. bxc5 {[%clk 1:02:00]} dxc5 {[%clk 1:00:50]} 25. Rb1
{[%clk 1:01:50]} Reb8 {[%clk 1:00:44]} 26. Rxb6 {[%clk 1:00:53]} Rxb6
{[%clk 1:01:05]} 27. Bf4 {[%clk 0:54:56]} Rb4 {[%clk 1:00:46]} 28. Qa2
{[%clk 0:51:37]} Qd6 {[%clk 0:55:17]} 29. Bxe5 {[%clk 0:50:37]} Qxe5
{[%clk 0:55:25]} 30. Rd1 {[%clk 0:43:19]} Ra4 {[%clk 0:39:50]} 31. Qb3
{[%clk 0:39:49]} Ne8 {[%clk 0:39:49]} 32. Qb7 {[%clk 0:36:52]} Qc7
{[%clk 0:40:00]} 33. Rb1 {[%clk 0:35:00]} Ra1 {[%clk 0:38:55]} 34. Qb2
{[%clk 0:34:44]} Rxb1+ {[%clk 0:38:32]} 35. Qxb1 {[%clk 0:35:05]} Nd6
{[%clk 0:38:54]} 36. Qb3 {[%clk 0:33:42]} Qb7 {[%clk 0:38:30]} 37. Nc1
{[%clk 0:31:55]} a5 {[%clk 0:37:48]} 38. Qxb7 {[%clk 0:23:20]} Nxb7
{[%clk 0:37:56]} 39. Kg1 {[%clk 0:21:59]} a4 {[%clk 0:37:38]} 40. Kf2
{[%clk 0:49:11]} Na5 {[%clk 1:02:24]} 41. Be2 {[%clk 0:44:36]} Nb3
{[%clk 0:39:49]} 42. Nxb3 {[%clk 0:43:08]} axb3 {[%clk 0:40:18]} 43. Ke1
{[%clk 0:43:09]} Kf8 {[%clk 0:31:36]} 44. Kd2 {[%clk 0:43:25]} Ke7
{[%clk 0:31:56]} 45. Kc3 {[%clk 0:42:10]} Ba4 {[%clk 0:32:18]} 46. Kb2
{[%clk 0:37:28]} Kd6 {[%clk 0:32:43]} 47. Bd1 {[%clk 0:37:48]} Ke5
{[%clk 0:33:07]} 48. Bxb3 {[%clk 0:38:10]} Bd7 {[%clk 0:33:33]} 49. Ka3
{[%clk 0:36:34]} Bg4 {[%clk 0:33:36]} 50. Ba4 {[%clk 0:35:44]} Be2
{[%clk 0:33:53]} 51. Bb5 {[%clk 0:35:50]} Bd3 {[%clk 0:33:35]} 52. Kb2
{[%clk 0:34:46]} Bxe4 {[%clk 0:33:56]} 53. g3 {[%clk 0:34:39]} g5
{[%clk 0:26:55]} 54. Kc3 {[%clk 0:30:58]} f5 {[%clk 0:24:29]} 55. h4
{[%clk 0:30:14]} h6 {[%clk 0:19:25]} 56. Kd2 {[%clk 0:30:34]} Bf3
{[%clk 0:15:06]} 57. hxg5 {[%clk 0:30:18]} hxg5 {[%clk 0:15:33]} 58. Ke3
{[%clk 0:30:22]} Bh1 {[%clk 0:15:22]} 59. Kf2 {[%clk 0:30:12]} Kd6
{[%clk 0:13:46]} 60. Ke3 {[%clk 0:30:02]} 1/2-1/2

[Event "World Chess Olympiad 2018"]
[Site "Batumi"]
[Date "2018.10.04"]
[Round "10"]
[Board "1"]
[WhiteFideId "12000027"]
[White "Frick Renato"]
[BlackFideId "32500122"]
[Black "Deng Khor Kuol Michael"]
[Result "0-1"]
[LiveChessVersion "1.4.8"]
[BlackElo "2000"]
[WhiteElo "2058"]

1. e4 {[%clk 1:30:34]} c5 {[%clk 1:30:32]} 2. Nf3 {[%clk 1:30:57]} Nc6
{[%clk 1:30:50]} 3. d4 {[%clk 1:31:18]} cxd4 {[%clk 1:30:49]} 4. Nxd4
{[%clk 1:31:42]} Nf6 {[%clk 1:31:08]} 5. Nc3 {[%clk 1:32:03]} d6 {[%clk 1:30:53]}
6. Be2 {[%clk 1:32:11]} g6 {[%clk 1:30:14]} 7. Be3 {[%clk 1:27:53]} a6
{[%clk 1:29:43]} 8. O-O {[%clk 1:26:37]} Bg7 {[%clk 1:30:01]} 9. f4
{[%clk 1:22:33]} O-O {[%clk 1:27:06]} 10. Kh1 {[%clk 1:15:54]} Nxd4
{[%clk 1:26:08]} 11. Bxd4 {[%clk 1:16:14]} e6 {[%clk 1:23:53]} 12. Bf3
{[%clk 1:03:13]} Qc7 {[%clk 1:20:44]} 13. Qd2 {[%clk 0:54:46]} Ne8
{[%clk 1:19:17]} 14. Rad1 {[%clk 0:54:00]} b5 {[%clk 1:16:20]} 15. e5
{[%clk 0:52:01]} d5 {[%clk 1:15:58]} 16. Qf2 {[%clk 0:44:53]} Kh8
{[%clk 1:15:23]} 17. Bc5 {[%clk 0:38:08]} Rg8 {[%clk 1:15:20]} 18. Bxd5
{[%clk 0:35:54]} exd5 {[%clk 1:09:00]} 19. Nxd5 {[%clk 0:34:23]} Qb7
{[%clk 1:08:27]} 20. Ne7 {[%clk 0:34:05]} Be6 {[%clk 1:01:17]} 21. Nxg8
{[%clk 0:33:44]} Kxg8 {[%clk 1:01:28]} 22. b3 {[%clk 0:32:11]} Rc8
{[%clk 1:00:39]} 23. Rd2 {[%clk 0:31:40]} h5 {[%clk 0:44:33]} 24. Bb4
{[%clk 0:25:36]} Bf5 {[%clk 0:36:48]} 25. Rc1 {[%clk 0:19:49]} Qc7
{[%clk 0:27:32]} 26. c4 {[%clk 0:19:38]} a5 {[%clk 0:26:04]} 27. Ba3
{[%clk 0:19:34]} b4 {[%clk 0:21:12]} 28. Bb2 {[%clk 0:19:55]} Qc6
{[%clk 0:18:23]} 29. Re1 {[%clk 0:12:44]} a4 {[%clk 0:14:43]} 30. Bd4
{[%clk 0:12:54]} Bf8 {[%clk 0:14:45]} 31. Kg1 {[%clk 0:10:06]} Ng7
{[%clk 0:14:53]} 32. h3 {[%clk 0:09:53]} Be6 {[%clk 0:15:05]} 33. Qf1
{[%clk 0:08:53]} Nf5 {[%clk 0:15:24]} 34. Bf2 {[%clk 0:09:14]} h4
{[%clk 0:11:09]} 35. Qd3 {[%clk 0:08:58]} Be7 {[%clk 0:09:43]} 36. Qe4
{[%clk 0:09:17]} Qa6 {[%clk 0:09:24]} 37. Red1 {[%clk 0:08:32]} axb3
{[%clk 0:06:36]} 38. axb3 {[%clk 0:08:52]} Rc7 {[%clk 0:05:22]} 39. Kh2
{[%clk 0:07:26]} Kh7 {[%clk 0:05:08]} 40. Qe1 {[%clk 0:34:30]} Bc8
{[%clk 0:33:46]} 41. Rd6 {[%clk 0:28:31]} Nxd6 {[%clk 0:30:06]} 42. Bxh4
{[%clk 0:28:45]} Nf5 {[%clk 0:29:29]} 43. Bxe7 {[%clk 0:26:46]} Rxe7
{[%clk 0:29:35]} 44. g4 {[%clk 0:24:06]} Nh6 {[%clk 0:25:38]} 45. Qxb4
{[%clk 0:24:27]} Rb7 {[%clk 0:21:57]} 46. Qf8 {[%clk 0:20:55]} Qa2+
{[%clk 0:21:58]} 47. Kg3 {[%clk 0:20:32]} Bxg4 {[%clk 0:11:26]} 48. Kh4
{[%clk 0:16:42]} Bxd1 {[%clk 0:10:27]} 0-1

[Event "World Chess Olympiad 2018"]
[Site "Batumi"]
[Date "2018.10.04"]
[Round "10"]
[Board "2"]
[WhiteFideId "32500149"]
[White "Deng Ateny Riak Joseph"]
[BlackFideId "12000108"]
[Black "Mannhart Marcel"]
[Result "1-0"]
[LiveChessVersion "1.4.8"]
[BlackElo "2096"]
[WhiteElo "2014"]

1. e4 {[%clk 1:30:57]} c5 {[%clk 1:30:45]} 2. Nf3 {[%clk 1:31:17]} g6
{[%clk 1:30:55]} 3. d4 {[%clk 1:31:37]} cxd4 {[%clk 1:31:18]} 4. Nxd4
{[%clk 1:32:00]} Bg7 {[%clk 1:31:37]} 5. Nc3 {[%clk 1:32:05]} Nc6
{[%clk 1:31:50]} 6. Nb3 {[%clk 1:30:52]} d6 {[%clk 1:31:26]} 7. Be2
{[%clk 1:30:31]} Nf6 {[%clk 1:25:59]} 8. Be3 {[%clk 1:29:54]} a6 {[%clk 1:19:49]}
9. f3 {[%clk 1:28:51]} Nd7 {[%clk 1:15:36]} 10. Qd2 {[%clk 1:28:43]} h6
{[%clk 1:15:52]} 11. O-O {[%clk 1:27:16]} Rb8 {[%clk 1:05:23]} 12. a4
{[%clk 1:24:21]} b6 {[%clk 1:01:20]} 13. Nd4 {[%clk 1:21:28]} Nxd4
{[%clk 0:56:14]} 14. Bxd4 {[%clk 1:21:47]} O-O {[%clk 0:56:23]} 15. Bxg7
{[%clk 1:21:54]} Kxg7 {[%clk 0:56:48]} 16. f4 {[%clk 1:19:47]} Bb7
{[%clk 0:55:40]} 17. Rad1 {[%clk 1:12:30]} Nf6 {[%clk 0:49:27]} 18. Bd3
{[%clk 1:10:00]} Qc7 {[%clk 0:49:24]} 19. Qe2 {[%clk 1:09:41]} b5
{[%clk 0:41:29]} 20. axb5 {[%clk 1:07:06]} axb5 {[%clk 0:41:47]} 21. e5
{[%clk 1:06:45]} dxe5 {[%clk 0:39:50]} 22. fxe5 {[%clk 1:06:53]} Nd5
{[%clk 0:36:36]} 23. Nxb5 {[%clk 1:01:42]} Qb6+ {[%clk 0:34:01]} 24. Qf2
{[%clk 0:59:06]} Ba6 {[%clk 0:33:45]} 25. Nc3 {[%clk 0:54:53]} Nxc3
{[%clk 0:28:35]} 26. bxc3 {[%clk 0:53:35]} Qxf2+ {[%clk 0:28:37]} 27. Rxf2
{[%clk 0:53:32]} Bc8 {[%clk 0:29:01]} 28. Rf4 {[%clk 0:52:25]} Be6
{[%clk 0:28:42]} 29. Bc4 {[%clk 0:49:27]} Bf5 {[%clk 0:26:59]} 30. Bb3
{[%clk 0:49:10]} Rb6 {[%clk 0:23:55]} 31. Rdd4 {[%clk 0:38:03]} Rc8
{[%clk 0:17:32]} 32. c4 {[%clk 0:36:57]} Be6 {[%clk 0:17:10]} 33. Kf2
{[%clk 0:36:14]} Ra6 {[%clk 0:16:12]} 34. Ke2 {[%clk 0:35:33]} Ra5
{[%clk 0:16:07]} 35. Rfe4 {[%clk 0:35:12]} Rcc5 {[%clk 0:15:58]} 36. Kd2
{[%clk 0:34:12]} Rxe5 {[%clk 0:16:11]} 37. Kc3 {[%clk 0:32:08]} Bf5
{[%clk 0:08:47]} 38. Rxe5 {[%clk 0:30:35]} Rxe5 {[%clk 0:09:02]} 39. g4
{[%clk 0:30:30]} Re3+ {[%clk 0:07:05]} 40. Kb4 {[%clk 0:57:32]} e5
{[%clk 0:36:02]} 41. Rd8 {[%clk 0:53:04]} Bxg4 {[%clk 0:36:21]} 42. c5
{[%clk 0:53:03]} f5 {[%clk 0:32:31]} 43. c6 {[%clk 0:50:23]} f4 {[%clk 0:32:07]}
44. c7 {[%clk 0:50:20]} g5 {[%clk 0:23:18]} 45. Ba4 {[%clk 0:47:26]} Re4+
{[%clk 0:22:48]} 46. c4 {[%clk 0:47:35]} Be6 {[%clk 0:23:07]} 47. Rd7+
{[%clk 0:46:08]} Kf6 {[%clk 0:22:07]} 48. c8=Q {[%clk 0:46:08]} Rxc4+
{[%clk 0:22:03]} 49. Qxc4 {[%clk 0:46:27]} Bxc4 {[%clk 0:22:29]} 50. Kxc4
{[%clk 0:46:42]} g4 {[%clk 0:22:33]} 51. Bc6 {[%clk 0:46:03]} 1-0

[Event "World Chess Olympiad 2018"]
[Site "Batumi"]
[Date "2018.10.04"]
[Round "10"]
[Board "1"]
[WhiteFideId "5600189"]
[White "Pace Colin"]
[BlackFideId "3100197"]
[Black "Almedina Ortiz Edgardo J."]
[Result "0-1"]
[LiveChessVersion "1.4.8"]
[BlackElo "2216"]
[WhiteElo "2132"]

1. e4 {[%clk 1:30:55]} c5 {[%clk 1:29:33]} 2. Nf3 {[%clk 1:31:20]} d6
{[%clk 1:29:58]} 3. d4 {[%clk 1:31:44]} cxd4 {[%clk 1:30:21]} 4. Nxd4
{[%clk 1:32:12]} Nf6 {[%clk 1:30:41]} 5. Nc3 {[%clk 1:32:39]} a6 {[%clk 1:31:02]}
6. h3 {[%clk 1:32:59]} e6 {[%clk 1:27:08]} 7. g4 {[%clk 1:32:51]} Nfd7
{[%clk 1:25:08]} 8. Bg2 {[%clk 1:29:10]} Nc6 {[%clk 1:24:55]} 9. Be3
{[%clk 1:25:27]} Be7 {[%clk 1:14:42]} 10. Qd2 {[%clk 1:18:44]} Nde5
{[%clk 1:11:56]} 11. b3 {[%clk 1:15:35]} Bd7 {[%clk 0:59:24]} 12. Nde2
{[%clk 1:13:12]} Ng6 {[%clk 0:58:56]} 13. O-O {[%clk 1:11:47]} Nh4
{[%clk 0:43:46]} 14. Bh1 {[%clk 1:10:37]} g5 {[%clk 0:43:58]} 15. Ng3
{[%clk 1:07:55]} Qa5 {[%clk 0:41:16]} 16. Nce2 {[%clk 0:54:50]} Qxd2
{[%clk 0:37:01]} 17. Bxd2 {[%clk 0:55:18]} Ne5 {[%clk 0:36:42]} 18. f4
{[%clk 0:52:31]} gxf4 {[%clk 0:36:59]} 19. Bxf4 {[%clk 0:51:17]} b5
{[%clk 0:34:06]} 20. Nd4 {[%clk 0:46:40]} Rc8 {[%clk 0:32:46]} 21. Kh2
{[%clk 0:43:16]} Neg6 {[%clk 0:23:52]} 22. Bh6 {[%clk 0:37:05]} e5
{[%clk 0:22:23]} 23. Ndf5 {[%clk 0:36:59]} Rxc2+ {[%clk 0:22:40]} 24. Kg1
{[%clk 0:37:20]} Nxf5 {[%clk 0:17:49]} 25. Nxf5 {[%clk 0:28:45]} Be6
{[%clk 0:12:06]} 26. b4 {[%clk 0:08:53]} Kd7 {[%clk 0:10:51]} 27. a4
{[%clk 0:08:54]} Rhc8 {[%clk 0:08:32]} 28. axb5 {[%clk 0:09:16]} axb5
{[%clk 0:08:57]} 29. Rfd1 {[%clk 0:08:03]} Ba2 {[%clk 0:07:53]} 30. Bg2
{[%clk 0:05:13]} Nh4 {[%clk 0:06:23]} 31. Nxh4 {[%clk 0:02:17]} Bxh4
{[%clk 0:06:50]} 32. Be3 {[%clk 0:01:56]} R8c3 {[%clk 0:06:06]} 33. Rd2
{[%clk 0:01:21]} Rxd2 {[%clk 0:05:37]} 34. Bxd2 {[%clk 0:01:50]} Rc2
{[%clk 0:06:04]} 35. Be3 {[%clk 0:01:41]} Re2 {[%clk 0:04:37]} 36. Bf1
{[%clk 0:00:56]} Rxe3 {[%clk 0:05:04]} 37. Rxa2 {[%clk 0:00:54]} Rxe4
{[%clk 0:04:52]} 38. Bxb5+ {[%clk 0:00:59]} Kc7 {[%clk 0:05:05]} 39. Rc2+
{[%clk 0:00:47]} Kb6 {[%clk 0:03:59]} 40. Be8 {[%clk 0:31:05]} Rd4
{[%clk 0:32:03]} 41. b5 {[%clk 0:21:12]} Rd1+ {[%clk 0:18:20]} 42. Kg2
{[%clk 0:21:13]} e4 {[%clk 0:18:34]} 43. Rc6+ {[%clk 0:15:01]} Kb7
{[%clk 0:18:50]} 44. Ra6 {[%clk 0:12:55]} Rd2+ {[%clk 0:17:30]} 45. Kg1
{[%clk 0:08:18]} e3 {[%clk 0:16:53]} 46. Bc6+ {[%clk 0:08:36]} Kc7
{[%clk 0:16:34]} 47. Bf3 {[%clk 0:03:48]} e2 {[%clk 0:14:14]} 48. Ra7+
{[%clk 0:01:55]} Kb6 {[%clk 0:13:57]} 49. Rb7+ {[%clk 0:01:57]} Kc5
{[%clk 0:14:11]} 50. Bxe2 {[%clk 0:01:35]} Rxe2 {[%clk 0:14:37]} 51. Rxf7
{[%clk 0:01:12]} h6 {[%clk 0:12:15]} 52. Rf5+ {[%clk 0:00:42]} Re5
{[%clk 0:12:16]} 53. Kg2 {[%clk 0:00:42]} Rxf5 {[%clk 0:10:22]} 54. gxf5
{[%clk 0:01:11]} Bf6 {[%clk 0:10:00]} 55. Kf3 {[%clk 0:01:13]} h5
{[%clk 0:10:26]} 0-1

[Event "World Chess Olympiad 2018"]
[Site "Batumi"]
[Date "2018.10.04"]
[Round "10"]
[Board "2"]
[WhiteFideId "3100022"]
[White "Sosa Trani Luis A."]
[BlackFideId "5601061"]
[Black "Darmanin Jake"]
[Result "1/2-1/2"]
[LiveChessVersion "1.4.8"]
[BlackElo "2069"]
[WhiteElo "2054"]

1. e4 {[%clk 1:30:58]} e5 {[%clk 1:30:53]} 2. Nf3 {[%clk 1:31:25]} Nc6
{[%clk 1:31:17]} 3. Bb5 {[%clk 1:31:51]} a6 {[%clk 1:31:37]} 4. Ba4
{[%clk 1:32:17]} Nf6 {[%clk 1:31:53]} 5. O-O {[%clk 1:32:27]} Be7
{[%clk 1:32:14]} 6. Bxc6 {[%clk 1:30:46]} dxc6 {[%clk 1:29:55]} 7. Qe1
{[%clk 1:31:09]} Nd7 {[%clk 1:25:54]} 8. d3 {[%clk 1:31:21]} O-O {[%clk 1:23:29]}
9. Nbd2 {[%clk 1:31:15]} Qe8 {[%clk 1:20:52]} 10. Nc4 {[%clk 1:29:57]} f6
{[%clk 1:19:15]} 11. Nh4 {[%clk 1:29:56]} Nc5 {[%clk 1:14:13]} 12. b4
{[%clk 1:24:30]} Ne6 {[%clk 1:12:30]} 13. Nf5 {[%clk 1:23:39]} Bd8
{[%clk 1:08:23]} 14. f4 {[%clk 1:08:38]} exf4 {[%clk 1:00:53]} 15. Bxf4
{[%clk 1:08:50]} c5 {[%clk 0:52:36]} 16. bxc5 {[%clk 0:55:50]} Nxc5
{[%clk 0:50:54]} 17. Qg3 {[%clk 0:51:50]} Ne6 {[%clk 0:49:57]} 18. Bc1
{[%clk 0:45:17]} Qg6 {[%clk 0:44:02]} 19. Qf2 {[%clk 0:38:36]} b5
{[%clk 0:37:59]} 20. Na5 {[%clk 0:38:53]} Qe8 {[%clk 0:35:48]} 21. Nb3
{[%clk 0:32:00]} a5 {[%clk 0:31:23]} 22. Be3 {[%clk 0:25:31]} Kh8
{[%clk 0:27:54]} 23. Nc5 {[%clk 0:23:52]} Qc6 {[%clk 0:25:08]} 24. Rae1
{[%clk 0:20:33]} Rg8 {[%clk 0:23:58]} 25. Kh1 {[%clk 0:16:15]} b4
{[%clk 0:20:58]} 26. Nh4 {[%clk 0:10:58]} Qe8 {[%clk 0:20:24]} 27. Bc1
{[%clk 0:08:23]} Be7 {[%clk 0:13:56]} 28. Be3 {[%clk 0:04:19]} a4
{[%clk 0:12:24]} 29. Nxe6 {[%clk 0:01:26]} Bxe6 {[%clk 0:12:51]} 30. Bd4
{[%clk 0:01:37]} Qh5 {[%clk 0:04:59]} 31. Nf5 {[%clk 0:01:36]} Bd6
{[%clk 0:02:08]} 32. Nxd6 {[%clk 0:00:42]} cxd6 {[%clk 0:02:15]} 33. Qg3
{[%clk 0:00:55]} Rad8 {[%clk 0:01:15]} 34. Rxf6 {[%clk 0:00:59]} 1/2-1/2